| 000 | 02492cam a2200301 4500500 | ||
|---|---|---|---|
| 005 | 20260111145746.0 | ||
| 041 | _afre | ||
| 042 | _adc | ||
| 100 | 1 | 0 |
_aGoudtchenko, Zoïa _eauthor |
| 245 | 0 | 0 | _aL'architecture religieuse et traditionnelle : étude descriptive |
| 260 | _c2004. | ||
| 500 | _a73 | ||
| 520 | _aRésuméCette étude des étapes successives de l’architecture populaire ukrainienne, en particulier religieuse (principalement en bois), met au jour un modèle dominant que l’on retrouve dans l’art ukrainien en général. Ayant choisi de s’attacher à des édifices qui s’inscrivent dans une continuité historique (du Moyen Âge à nos jours), l’auteur analyse matériaux, formes et styles, démontrant ainsi que l’architecture traditionnelle est un élément majeur de la construction et de la préservation de l’identité nationale. | ||
| 520 | _aThis study of the successive stages of Ukrainian folk architecture and more especially religious architecture (mainly in wood) reveals a predominant model in architecture and arts in general. The author concentrates on buildings presenting a historical continuity (from the early Middle Ages to the present day) ; she analyzes their materials, forms and styles and shows that traditional architecture is a most important factor in the construction and preservation of Ukrainians’ national identity. | ||
| 520 | _aZusammenfassungDiese Studie der suksessiven Etappen ukrainischer Volksarchitektur und insbesondere religiöser Architektur (vor allem aus Holz) hebt ein Hauptmodell deutlich hervor, das sich in ukrainischer Kunst im allgemeinen wiederfindet. Die Autorin interessiert sich für Bauten, die eine historische Kontinuität (vom Mittelalter bis in unsere Tage) zeigen. Sie analysiert ihre Materialien, Formen und Stilen und zeigt, dass die traditionelle Architektur von entscheidender Bedeutung für die Entstehung und Erhaltung der nationalen Identität ist. | ||
| 690 | _aarchitecture d'église | ||
| 690 | _aarchitecture en bois | ||
| 690 | _aarchitecture traditionnelle | ||
| 690 | _aart populaire | ||
| 690 | _aUkraine | ||
| 690 | _afolk art | ||
| 690 | _areligious architecture | ||
| 690 | _atraditional architecture | ||
| 690 | _aUkraine | ||
| 690 | _awood architecture | ||
| 786 | 0 | _nEthnologie française | 34 | 2 | 2004-06-01 | p. 225-233 | 0046-2616 | |
| 856 | 4 | 1 | _uhttps://shs.cairn.info/revue-ethnologie-francaise-2004-2-page-225?lang=fr&redirect-ssocas=7080 |
| 999 |
_c1636404 _d1636404 |
||